01660nam a2200397 a 4500001001000000003000500010005001700015008004100032010001100073011001100084040000900095090001000104100004300114245016200157260004100319500006000360502008500420590003700505590004000542590004000582590004000622590004000662650003000702650003500732650002800767650003300795650004000828856001600868856007000884901000700954942001000961942000600971999001900977952013100996952013501127000113599CHAP20220329144403.0170808s2017 mx a fsm |||||||spa d a110060 a111032 cCHAP aTesis1 aCancino Rodríguez, Estefania913304910aAnálisis de la red de valor e innovación de la agroindustria de cacao (Theobroma cacao L.) en Tabasco /h[En línea]cpor Estafania Cancino Rodríguez. aChapingo, Méx. :bEl autor,c2017. aPara ver el contenido del material haga clic en la liga aTesis (Ing. Agroindustrial) -- UACH. Departamento de Ingeniería Agroindustrial aBATCHb00c20181121lUCH01h0759 aE8697GMMb05c20170808lUCH01h1435 aE8697GMMb05c20170808lUCH01h1437 aE8697GMMb05c20170830lUCH01h0619 aE8697GMMb05c20170830lUCH01h062214aCacaoxAnálisis.91692014aCacaoxInvestigación.91695214aCacaoxMercadeo.91695614aCacaoxProducción.912484614aNegociosxAdministración.9129872 a1 n0001229 aFinding aiduhttp://10.13.5.2/tesis/sist113599.pdfzTeclea aquí aBK cTESIS n0 c110060d110060 00104054718TESISaBCbBCd2017-08-08fTESISl0oTesisp113601-10r2019-12-31 00:00:00w2019-12-31yTESISzRecien adquirido 00102local4053708TESISaBCbBCcPA_TESISd2017-08-08fTESISl0oTesisp113601-20r2019-12-31 00:00:00tc.2w2019-12-31yTESIS